<?xml version="1.0" encoding="UTF-8"?>
<record
    xmlns:xsi="http://www.w3.org/2001/XMLSchema-instance"
    xsi:schemaLocation="http://www.loc.gov/MARC21/slim http://www.loc.gov/standards/marcxml/schema/MARC21slim.xsd"
    xmlns="http://www.loc.gov/MARC21/slim">

  <leader>01507nam a22002297a 4500</leader>
  <controlfield tag="001">6947</controlfield>
  <controlfield tag="003">FISKH</controlfield>
  <controlfield tag="005">20250611142015.0</controlfield>
  <controlfield tag="008">250611b        cb ||||| |||| 00| 0 eng d</controlfield>
  <datafield tag="020" ind1=" " ind2=" ">
    <subfield code="a">9780764140419</subfield>
  </datafield>
  <datafield tag="040" ind1=" " ind2=" ">
    <subfield code="a">FISKH</subfield>
    <subfield code="b">eng </subfield>
    <subfield code="c">FISKH</subfield>
    <subfield code="d">FISKH</subfield>
  </datafield>
  <datafield tag="082" ind1=" " ind2=" ">
    <subfield code="a">516.15</subfield>
  </datafield>
  <datafield tag="100" ind1=" " ind2=" ">
    <subfield code="a">Ferrell,  Karen</subfield>
  </datafield>
  <datafield tag="245" ind1=" " ind2=" ">
    <subfield code="a">The great polygon caper :</subfield>
    <subfield code="b">Adventures in Mathopolis /</subfield>
    <subfield code="c">By Karen Ferrell : Illustrated by Tom Kerr </subfield>
  </datafield>
  <datafield tag="260" ind1=" " ind2=" ">
    <subfield code="a">New York : </subfield>
    <subfield code="b">Barron's Educational Series, Inc., </subfield>
    <subfield code="c">2008.</subfield>
  </datafield>
  <datafield tag="300" ind1=" " ind2=" ">
    <subfield code="a">217 pages : </subfield>
    <subfield code="b">illustrations ; </subfield>
    <subfield code="c">20 cm . </subfield>
  </datafield>
  <datafield tag="520" ind1=" " ind2=" ">
    <subfield code="a">Mayor Lostis Marbles, the hero of Adventures in Mathopolis: Estimating and Measuring, is looking for help in solving his problems. Coming to his rescue is a superhero and problem solver, the fifteen-year-old, skateboard-riding Kent Clark, also known as Edge Master. The villains are the Shiftless gang, led by Shiftless Shere&#xE9;, a mysterious woman with long, red fingernails, and her brother Ambrose Addemup. In a series of funny, fictional episodes, Edge Master helps the hapless mayor solve problems involving angles, polygons, triangles, quadrangles, squares, prisms, and pyramids. He also demonstrates how to calculate the volume of solid objects. Kids will be entertained as they familiarize themselves with the fundamentals of geometry. Black-and-white line art throughout. </subfield>
  </datafield>
  <datafield tag="650" ind1=" " ind2=" ">
    <subfield code="a">Geometry-Study and teaching ( Elementary ) -activity programs </subfield>
    <subfield code="v">Non-fiction </subfield>
  </datafield>
  <datafield tag="700" ind1=" " ind2=" ">
    <subfield code="a">Kerr, Tom</subfield>
  </datafield>
  <datafield tag="942" ind1=" " ind2=" ">
    <subfield code="2">ddc</subfield>
    <subfield code="c">BK</subfield>
    <subfield code="n">0</subfield>
  </datafield>
  <datafield tag="999" ind1=" " ind2=" ">
    <subfield code="c">6947</subfield>
    <subfield code="d">6947</subfield>
  </datafield>
  <datafield tag="952" ind1=" " ind2=" ">
    <subfield code="0">0</subfield>
    <subfield code="1">0</subfield>
    <subfield code="2">ddc</subfield>
    <subfield code="4">0</subfield>
    <subfield code="7">0</subfield>
    <subfield code="8">NFIC</subfield>
    <subfield code="a">002</subfield>
    <subfield code="b">002</subfield>
    <subfield code="c">SNS</subfield>
    <subfield code="d">2025-06-11</subfield>
    <subfield code="l">1</subfield>
    <subfield code="o">FER 516.15</subfield>
    <subfield code="p">FIS02892</subfield>
    <subfield code="r">2026-02-02 10:11:07</subfield>
    <subfield code="s">2026-01-05</subfield>
    <subfield code="t">1</subfield>
    <subfield code="w">2025-06-11</subfield>
    <subfield code="y">BK</subfield>
  </datafield>
  <datafield tag="952" ind1=" " ind2=" ">
    <subfield code="0">0</subfield>
    <subfield code="1">0</subfield>
    <subfield code="2">ddc</subfield>
    <subfield code="4">0</subfield>
    <subfield code="7">0</subfield>
    <subfield code="8">NFIC</subfield>
    <subfield code="a">002</subfield>
    <subfield code="b">002</subfield>
    <subfield code="c">SNS</subfield>
    <subfield code="d">2026-01-06</subfield>
    <subfield code="l">0</subfield>
    <subfield code="o">FER 516.15</subfield>
    <subfield code="p">FIS02911</subfield>
    <subfield code="r">2026-01-06 10:19:48</subfield>
    <subfield code="t">2</subfield>
    <subfield code="w">2026-01-06</subfield>
    <subfield code="y">BK</subfield>
  </datafield>
</record>
